Análisis caracterológico de los alumnos de un curso realizado por su maestro: con cuestionario

Furkejuvvon:
Bibliográfalaš dieđut
Váldodahkki: Gaillat, Roger (Dahkki)
Materiálatiipa: Girji
Giella:espánnjágiella
Almmustuhtton: Buenos Aires Kapelusz 1958
Fáttát:
Fáddágilkorat: Lasit fáddágilkoriid
Eai fáddágilkorat, Lasit vuosttaš fáddágilkora!

MARC

LEADER 00000nam a2200000 a 4500
001 UCY6463
003 CL-VaPUC
008 950526e19580300AG |||||||||||||||||spa|d
082 0 4 |a 155.2  |b GAI  |2 21 
100 0 |a Gaillat, Roger  |e author  |9 336395 
245 1 0 |a Análisis caracterológico de los alumnos de un curso realizado por su maestro: con cuestionario 
300 |a 256 p 
942 |c BK 
945 |d 19950526 00:00:00  |a cmena 
260 |a Buenos Aires  |b Kapelusz  |c 1958 
650 0 |a Psicología   |9 257863 
650 0 |a Personalidad   |9 307255 
650 0 |a Psicología aplicada   |9 270762 
650 0 |a Psicología individual  |9 309049 
650 7 |a INVESTIGACION PSICOLOGICA  |2 CL-VaPUC  |9 309030 
650 7 |a PSICOLOGIA EXPERIMENTAL  |2 CL-VaPUC  |9 309015 
650 0 |a Métodos de investigación   |9 262618 
650 7 |a CARACTERIOLOGIA  |2 CL-VaPUC  |9 334613 
583 |a last modification  |c 19950526 00:00:00  |k Rodrigo Vera 
999 |c 234028  |d 234026 
952 |0 0  |1 0  |4 0  |6 155_200000000000000_GAI_1958  |7 0  |8 P  |9 239963  |a BIBEDU  |b BIBEDU  |c BIBEDU_PB  |d 2019-11-18  |i 151010K  |o 155.2 GAI 1958  |p 151010K  |r 2024-01-25  |w 2019-11-18  |y BK  |k EDU